<?xml version="1.0" encoding="UTF-8"?>
<record
    xmlns:xsi="http://www.w3.org/2001/XMLSchema-instance"
    xsi:schemaLocation="http://www.loc.gov/MARC21/slim http://www.loc.gov/standards/marcxml/schema/MARC21slim.xsd"
    xmlns="http://www.loc.gov/MARC21/slim">

  <leader>00797nab a2200217 uc4500</leader>
  <controlfield tag="001">115895</controlfield>
  <controlfield tag="005">20240305093459.0</controlfield>
  <controlfield tag="008">961219e19960501                    spa  </controlfield>
  <datafield tag="035" ind1=" " ind2=" ">
    <subfield code="a">115895</subfield>
  </datafield>
  <datafield tag="035" ind1=" " ind2=" ">
    <subfield code="a">(OCoLC)819749917</subfield>
  </datafield>
  <datafield tag="040" ind1=" " ind2=" ">
    <subfield code="c">comduadb</subfield>
  </datafield>
  <datafield tag="041" ind1=" " ind2=" ">
    <subfield code="a">spa</subfield>
  </datafield>
  <datafield tag="100" ind1="1" ind2="0">
    <subfield code="a">Gimenez, Fabian</subfield>
    <subfield code="4">aut</subfield>
    <subfield code="e">aut</subfield>
    <subfield code="9">314643</subfield>
  </datafield>
  <datafield tag="245" ind1="1" ind2="4">
    <subfield code="a">Las palabras deseantes y el "Otro" del discurso</subfield>
  </datafield>
  <datafield tag="600" ind1="1" ind2="0">
    <subfield code="a">Lyotard, Jean-Fran&#xE7;ois,</subfield>
    <subfield code="d">1924-1998</subfield>
    <subfield code="4">aut</subfield>
    <subfield code="0">(isni)0000 0001 2096 8164</subfield>
    <subfield code="0">(viaf)108393539</subfield>
    <subfield code="9">238092</subfield>
  </datafield>
  <datafield tag="650" ind1=" " ind2=" ">
    <subfield code="a">Lyotard, Jean Francois, 1924-1998</subfield>
    <subfield code="9">51779</subfield>
  </datafield>
  <datafield tag="650" ind1=" " ind2="7">
    <subfield code="a">Deseo</subfield>
    <subfield code="2">embne</subfield>
    <subfield code="9">57</subfield>
  </datafield>
  <datafield tag="650" ind1=" " ind2="7">
    <subfield code="a">Arte y filosof&#xED;a</subfield>
    <subfield code="2">lemb</subfield>
    <subfield code="9">141213</subfield>
  </datafield>
  <datafield tag="773" ind1="0" ind2=" ">
    <subfield code="t">Revista de Filosof&#xED;a. Universidad Iberoamericana (M&#xE9;xico)</subfield>
    <subfield code="g">Volumen 29, N&#xFA;mero 086, Mayo-Agosto 1996, p. 289-299</subfield>
    <subfield code="w">106978</subfield>
    <subfield code="x">0185-3481</subfield>
    <subfield code="0">92043</subfield>
  </datafield>
  <datafield tag="942" ind1=" " ind2=" ">
    <subfield code="c">ARIMP</subfield>
  </datafield>
  <datafield tag="999" ind1=" " ind2=" ">
    <subfield code="c">90836</subfield>
    <subfield code="d">90836</subfield>
  </datafield>
</record>
